The establishment of fisheries community in msa krong commune, staung district, kampong thom province, ការបង្កើតសហគមន៍នេសាទ នៅឃុំម្សាក្រង ស្រុកស្ទោង ខេត្តកំពង់ធំ. (Record no. 4490)

000 -LEADER
fixed length control field 00669nam a22001577a 4500
003 - CONTROL NUMBER IDENTIFIER
control field OSt
005 - DATE AND TIME OF LATEST TRANSACTION
control field 20151214111923.0
008 - FIXED-LENGTH DATA ELEMENTS--GENERAL INFORMATION
fixed length control field 151214b xxu||||| |||| 00| 0 eng d
040 ## - CATALOGING SOURCE
Transcribing agency RUA
082 ## - DEWEY DECIMAL CLASSIFICATION NUMBER
Classification number AED YOU 2005 B220 Or.1
100 ## - MAIN ENTRY--PERSONAL NAME
9 (RLIN) 4826
Personal name YOUK PHALY; យក់ ផល្លី.
245 ## - TITLE STATEMENT
Title The establishment of fisheries community in msa krong commune, staung district, kampong thom province, ការបង្កើតសហគមន៍នេសាទ នៅឃុំម្សាក្រង ស្រុកស្ទោង ខេត្តកំពង់ធំ.
260 ## - PUBLICATION, DISTRIBUTION, ETC. (IMPRINT)
Place of publication, distribution, etc. Phnom Penh
Name of publisher, distributor, etc. RUA
Date of publication, distribution, etc. 2005
300 ## - PHYSICAL DESCRIPTION
Extent viii; 47p.
Other physical details ill.
Dimensions 29cm.
942 ## - ADDED ENTRY ELEMENTS (KOHA)
Source of classification or shelving scheme
Koha item type ADB
Holdings
Price effective from Date last seen Permanent Location Not for loan Date acquired Source of classification or shelving scheme Koha item type Lost status Withdrawn status Total Renewals Date last checked out Total Checkouts Shelving location Damaged status Barcode Current Location Full call number
2015-12-142026-05-08Library Block B 2015-12-14 ADB  12026-05-081B220 RUA030120Library Block BAED YOU 2005 B220 Or.1
2015-12-142015-12-14Library Block B 2015-12-14 ADB     B220 RUA030192Library Block BAED YOU 2005 B220 Or.2
2015-12-142015-12-14Library Block B 2015-12-14 ADB     B220 RUA030121Library Block BAED YOU 2005 B220 Or.3
2015-12-142015-12-14Library Block B 2015-12-14 ADB     B220 RUA030193Library Block BAED YOU 2005 B220 Or.4
មជ្ឈមណ្ឌលឯការនៃសាកលវិទ្យាល័យភូមិន្ទកសិកម្មចំការដូង

Powered by Koha